00657nam a2200181 i 4500001000300000100003800003245010700041260003400148650002300182655003000205040000800235041000800243942000700251008004100258999001700299856009800316952006100414bg1 aProwans, Stanisławd(1918-1992). 0aTechnologiczne podstawy inżynierii materiałowej /cStanisław Prowans ; Politechnika Szczecińska. aSzczecin :bWydaw. PC,c1979. 9aMateriałoznawstwo aPodręczniki akademickie cBPK apol cKS s pl f |000 0 pol  c19092d19092 uhttp://koha.tu.koszalin.pl/cgi-bin/koha/opac-detail.pl?biblionumber=19092yKatalog online BPK 00104070aBPKbBPKcwo26805p01313406s2019-01-24yKS